| 000 | 00656nam a2200181Ia 4500 | ||
|---|---|---|---|
| 008 | 130821s2010 ck a gs spa | ||
| 040 |
_aCo-BoUCM _bspa |
||
| 041 | 0 | 0 | _aspa |
| 092 | _aDVD 1215 | ||
| 245 | 0 | 0 |
_aCasa museo Caldas _cDVD _crealizador Diego Caldas Varona. |
| 260 |
_aBogotá (Colombia) _b[Centro de Estudios Históricos del Ejército] _c2010 |
||
| 300 |
_a1 DVD _bsonido |
||
| 650 | 0 | 4 |
_aArte _99444 |
| 650 | 0 | 4 |
_aIdentidad cultural _zCaldas (Colombia) _917117 |
| 650 | 0 | 4 |
_aMuseos históricos _zCaldas (Colombia) _919974 |
| 710 | 1 |
_aColombia. _bEjercito Nacional. _bCentro de Estudios Históricos del Ejército |
|
| 942 |
_cMULTIMEDIA _2LOCAL _a17 _e1 |
||
| 999 |
_c38605 _d38605 |
||